Statistics for Guess the Taylor Swift song with no hints ~23

Click here to take the quiz!

General Stats

  • This quiz has been taken 232 times
  • The average score is 221 of 272

Answer Stats

Answer% Correct
I
100%
a
98%
The
97%
the
97%
You
97%
you
97%
and
96%
And
96%
me?
95%
me
95%
in
93%
on
93%
to
93%
Who
93%
who
93%
your
93%
is
92%
do?
91%
I'm
91%
my
91%
But
90%
but
90%
They
90%
they
90%
what
90%
so
89%
if
88%
that
88%
All
87%
all
87%
could
87%
for
87%
go
87%
see
86%
been
85%
It's
85%
Can
84%
don't
84%
ever
84%
I've
84%
men
84%
of
83%
say
83%
Then
83%
like
82%
stay?
81%
stay
81%
want
80%
archer
79%
Cause
79%
leave
78%
said
78%
out
76%
right
76%
darling?
75%
through
75%
Couldn't
74%
just
74%
prey
74%
from
72%
hold
72%
off
72%
up
72%
again
71%
alone
71%
king's
71%
never
71%
got
70%
horses
70%
onto
70%
together
69%
come
68%
friends
68%
Help
68%
put
68%
ready
68%
night
67%
started
67%
enemies
66%
combat
65%
Combat
65%
here?
65%
die
64%
movies
64%
cruelty
63%
Easy
63%
easy
63%
heroes
62%
almost
61%
jump
61%
room
61%
face
60%
fire
60%
getting
59%
hate
59%
hundred
59%
old
59%
wins
59%
ghost
58%
invisible
58%
speeches
58%
years
58%
nose
57%
wake
57%
cut
56%
dark
56%
Dark
56%
reflection
56%
Screaming
56%
side
56%
thrown
56%
grow
55%
smoke
55%
spite
55%
train
55%
search
53%
pace
52%
ride
52%

Score Distribution

Percentile by Number Answered

Percent of People with Each Score

Your Score History

You have not taken this quiz